000
00246 a2200097 4500
090
_c
3977
_d
3977
100
_a
Rick Sawtell
245
_a
SQL Server 7 24 Seven
260
_a
Sybex Network Press
_b
San Francisco
_c
1999
942
_a
NBS
_c
BK
_k
005.4069 SAW
999
_c
346437
_d
346437